<?xml version="1.0" encoding="UTF-8"?>
<record
    xmlns:xsi="http://www.w3.org/2001/XMLSchema-instance"
    xsi:schemaLocation="http://www.loc.gov/MARC21/slim http://www.loc.gov/standards/marcxml/schema/MARC21slim.xsd"
    xmlns="http://www.loc.gov/MARC21/slim">

  <leader>01550nam a2200193 a 4500</leader>
  <datafield tag="020" ind1=" " ind2=" ">
    <subfield code="a">0199233993 (paperback)</subfield>
  </datafield>
  <datafield tag="020" ind1=" " ind2=" ">
    <subfield code="a">9780199233991 (paperback)</subfield>
  </datafield>
  <datafield tag="082" ind1=" " ind2=" ">
    <subfield code="a">530 OXF</subfield>
  </datafield>
  <datafield tag="100" ind1="1" ind2=" ">
    <subfield code="a">Daintith, John.</subfield>
  </datafield>
  <datafield tag="245" ind1="1" ind2="2">
    <subfield code="a">A dictionary of physics /</subfield>
  </datafield>
  <datafield tag="250" ind1=" " ind2=" ">
    <subfield code="a">6th ed.</subfield>
  </datafield>
  <datafield tag="260" ind1=" " ind2=" ">
    <subfield code="a">[S.l.] :</subfield>
    <subfield code="b">Oxford University Press,</subfield>
    <subfield code="c">2010.</subfield>
  </datafield>
  <datafield tag="300" ind1=" " ind2=" ">
    <subfield code="a">616 p. ;</subfield>
  </datafield>
  <datafield tag="490" ind1="1" ind2=" ">
    <subfield code="a">Oxford quick reference.</subfield>
  </datafield>
  <datafield tag="520" ind1=" " ind2=" ">
    <subfield code="a">This classic desktop reference has been thoroughly revised, bringing readers more than 3,800 entries--200 new to this edition--that define the terms of this fast-changing field with clarity and without jargon. The author provides coverage of all areas of physics and many related fields, including astronomy, astrophysics, and physical chemistry. He offers expanded information on applied physics, statistical distributions, polymers, and nanoscience, and includes ten feature articles on such key topics as crystal defects, magnetic resonance imaging, and the solar system. Here, too, are detailed appendices on SI units and the electromagnetic spectrum, a timeline of key dates in physics, a list Nobel Prize winners, and much more. And, as with all Oxford dictionaries, this volume offers abundant web links, kept up to date on the Dictionary of Physics companion web page. Featuring more than 120 diagrams, graphs, and tables, this is a superb resource for students, teachers, and professional physicists.</subfield>
  </datafield>
  <datafield tag="650" ind1=" " ind2=" ">
    <subfield code="a">physics,physics dictionary</subfield>
  </datafield>
  <datafield tag="856" ind1="4" ind2="0">
    <subfield code="u">http://www.amazon.com/exec/obidos/ASIN/0199233993/chopaconline-20</subfield>
  </datafield>
  <datafield tag="942" ind1=" " ind2=" ">
    <subfield code="c">REF</subfield>
  </datafield>
  <datafield tag="999" ind1=" " ind2=" ">
    <subfield code="c">1920</subfield>
    <subfield code="d">1920</subfield>
  </datafield>
  <datafield tag="952" ind1=" " ind2=" ">
    <subfield code="0">0</subfield>
    <subfield code="1">0</subfield>
    <subfield code="7">0</subfield>
    <subfield code="8">NFIC</subfield>
    <subfield code="a">IC</subfield>
    <subfield code="b">IC</subfield>
    <subfield code="c">GEN</subfield>
    <subfield code="d">2015-08-22</subfield>
    <subfield code="g">774.00</subfield>
    <subfield code="l">0</subfield>
    <subfield code="o">530 OXF</subfield>
    <subfield code="p">006247</subfield>
    <subfield code="r">2015-08-22 00:00:00</subfield>
    <subfield code="w">2015-08-22</subfield>
    <subfield code="y">REF</subfield>
  </datafield>
</record>
